000 01320cam a2200313 4500
008 020429n2002 000 0 eng u
020 _a0727731181
035 _a(Sirsi) u117722
041 _aeng.
050 _a690.22
100 _aBarbour, J.
110 _aInstitution of Civil Engineers
_91402
245 _aHealth and safety in construction : guidance for construction professionals
260 _aLondon
_bThomas Telford
_c2002
300 _aix,86p.
_c22cm.
350 _a20
520 _aIntended as guidance from the Institution of Civil Engineers to its members on the responsibilities of the professional civil engineer for health and safety. However the guidance, which includes numerous case studies, is equally relevant to other construction professionals.
650 _aCIVIL ENGINEERS
650 _aHEALTH AND SAFETY AT WORK ETC ACT 1974
650 _aAPPROVED CODE OF PRACTICE
650 _aHEALTH AND SAFETY REGULATIONS
650 _aMANAGEMENT OF HEALTH AND SAFETY AT WORK REGULATIONS 1999
650 _aRISK ASSESSMENT
650 _aCONSTRUCTION (DESIGN AND MANAGEMENT) REGULATIONS 1994
650 _aCONSTRUCTION (HEALTH, SAFETY AND WELFARE) REGULATIONS 1996
690 _aBUILT ENVIRONMENT-BUILDING STANDARDS
710 _aConstruction Industry Council
_92417
942 _n0
999 _c102054
_d102054